|
|
|
|
| LEADER |
00000nam a2200000Ii 4500 |
| 001 |
DIGCOLMX0123 |
| 003 |
NyNyDIG |
| 007 |
cr ||||||||||| |
| 008 |
211217s2017 mx b ob 000 0 spa d |
| 006 |
m o d |
| 035 |
|
|
|a (OCoLC)1008764324
|
| 040 |
|
|
|a DGITA
|b eng
|e rda
|e pn
|c DGITA
|
| 020 |
|
|
|a 9786076282175
|q eBook
|
| 041 |
1 |
|
|a spa
|h eng
|
| 043 |
|
|
|a e-uk---
|a cl-----
|
| 050 |
1 |
4 |
|a HF3508.L29 ebook
|
| 082 |
1 |
4 |
|a 382.094108
|
| 100 |
1 |
|
|a Pearce, Adrian J.,
|e author.
|
| 240 |
1 |
0 |
|a British trade with Spanish America, 1763-1808.
|l Spanish
|s (Itzkowich, Riva and Strikovsky)
|
| 245 |
1 |
3 |
|a El comercio británico con hispanoamérica, 1763-1808 /
|c Adrian J. Pearce ; traducción de Claudia Itzkowich Schñadower con Claudia Riva-Palacio y Sandra Strikovsky.
|
| 250 |
|
|
|a Primera edición electrónica.
|
| 264 |
|
1 |
|a Ciudad de México :
|b El Colegio de México,
|c 2017.
|
| 300 |
|
|
|a 1 online resource :
|b maps.
|
| 336 |
|
|
|a text
|b txt
|2 rdacontent
|
| 337 |
|
|
|a computer
|b c
|2 rdamedia
|
| 338 |
|
|
|a online resource
|b cr
|2 rdacarrier
|
| 347 |
|
|
|a text file
|2 rdaft
|
| 347 |
|
|
|b EPUB
|
| 500 |
|
|
|a "Centro de Estudios Históricos."
|
| 504 |
|
|
|a Includes bibliographical references.
|
| 588 |
0 |
|
|a Online resource; title from ePub title page (Digitalia, viewed December 17, 2021)
|
| 651 |
|
0 |
|a Great Britain
|x Commerce
|z Latin America.
|
| 651 |
|
0 |
|a Latin America
|x Commerce
|z Great Britain.
|
| 651 |
|
0 |
|a Great Britain
|x Commerce
|x History
|y 18th century.
|
| 655 |
|
0 |
|a Electronic books.
|
| 700 |
1 |
|
|a Itzkowich, Claudia,
|e translator.
|
| 700 |
1 |
|
|a Riva, Claudia,
|e translator.
|
| 700 |
1 |
|
|a Strikovsky, Sandra,
|e translator.
|
| 791 |
2 |
|
|a Digitalia (Firm),
|e distributor.
|
| 793 |
0 |
|
|g Digitalia eBook Collection:
|a El Colegio de México
|
| 856 |
4 |
0 |
|3 Digitalia Hispánica
|u https://www.digitaliapublishing.com/a/105483/
|
| 910 |
|
|
|a Premium collection: 2022
|